| 000 | 00000nas 2200000za 4500 |
| 001 | 9.817662 |
| 003 | CaOODSP |
| 005 | 20221107142528 |
| 007 | cr ||||||||||| |
| 008 | 160513d19581981oncar p oss f000#a0eng|d |
| 022 | |y0706-2095 |
| 040 | |aCaOODSP|beng |
| 041 | |aeng|afre |
| 043 | |an-cn--- |
| 086 | 1 |aCS52-212-PDF |
| 245 | 00|aRailway transport. |nPart 6, |pEmployment statistics |h[electronic resource] = |bTransport ferroviaire. Partie 6, Statistiques de l'emploi. |
| 246 | 11|aTransport ferroviaire.|nPartie 6, |pStatistiques de l'emploi |
| 246 | 13|aTransport ferroviaire. |nPartie 6, |pStatistique de l'emploi|f1978-1979 |
| 260 | |a[Ottawa] : |bStatistics Canada, Transportation and Public Utitlities Division, Transportation Section = Statistique Canada, Division des transports et des services d'utilité publique, Section des transports, |c1959-1983. |
| 310 | |aAnnual |
| 362 | 0 |a1958-1981. |
| 500 | |aDigitized edition from print [produced by Statistics Canada]. |
| 546 | |aText in English only, 1958-1970; text in English and French, 1971-1981. |
| 550 | |aIssued 1959-1964, 1966-1969 by Transportation Section; 1965 by Transportation and Public Utilities Section; 1970-1972 by Statistics Canada, Transportation Section; 1973-1979 by Surface Transport Section; 1980-1981 by Surface and Marine Transport Section. |
| 692 | 07|2gccst|aRailway networks |
| 692 | 07|2gccst|aRail transport |
| 692 | 07|2gccst|aWorkers |
| 710 | 1 |aCanada. |bDominion Bureau of Statistics. |bTransportation Section. |
| 710 | 1 |aCanada.|bDominion Bureau of Statistics.|bTransportation and Public Utilities Division. |
| 710 | 2 |aStatistics Canada.|bTransportation Section. |
| 710 | 2 |aStatistics Canada.|bSurface Transport Section. |
| 710 | 2 |aStatistics Canada.|bSurface and Marine Transport Section. |
| 780 | 00|tRailway transport. |w(CaOODSP)9.817610 |
| 792 | |tRailway transport. |efre|w(CaOODSP)9.817664 |